Containerisation in the eighties

Αποθηκεύτηκε σε:
Λεπτομέρειες βιβλιογραφικής εγγραφής
Κύριος συγγραφέας: Graham, M. G. (Michael Garrett)
Άλλοι συγγραφείς: Hughes, D. O. (David Owain)
Μορφή: Βιβλίο
Γλώσσα:English
Δημοσίευση: London : New York : Lloyd's of London Press, 1985
Θέματα:
Ετικέτες: Προσθήκη ετικέτας
Δεν υπάρχουν, Καταχωρήστε ετικέτα πρώτοι!

MARC

LEADER 00000nam a2200000 i 4500
001 1/38895
008 950809s1985 eng d
020 |a 1850440689 ((pbk.))  |c Ή50.00 
035 |l 10024947 
040 |a GR-MY-UA  |b gre  |e aacr 
041 0 |a eng 
082 0 |a 387.5/442  |2 (19) 
100 1 |a Graham, M. G.  |q (Michael Garrett) 
245 1 0 |a Containerisation in the eighties /  |c M.G. Graham and D.O. Hughes 
260 |a London :   |a New York :   |b Lloyd's of London Press,   |c 1985 
300 |a 237 p.;  |b ill.;  |c 25 cm 
504 |a Includes bibliographical references and index 
650 0 0 |a Containerization. 
650 0 0 |a Unitized cargo systems. 
700 1 |a Hughes, D. O. (David Owain) 
852 |a INST  |b CHIOS  |e 19950809  |h 387.5442 GRA  |p 005200004984  |q 005200004984  |t BK  |y 0 
909 |a Χ  |b 010633